1502 1318 1468 1001 1394 1730 1212 1477 1384 1350 1728 1691 1455 1539 1094 1861 1952 1364 1364 1910 1647 1018 1336 1367 1666 1280 1470 1077 1699 1699 1939 1391 1738 1310 1120 1860 1860 1626 1374 1917 1711 1433 1168 1106 1126 1662 1366 1956 1808 1206 1486 1696 1945 1541 1315 1358 1655 1206 1301 1691 1119 1492 1405 1589 1713 1140 1861 1544 1157 1123 1542 1498 1272 1019 1018 1001 1062 1622 1941 1680 1006 1853 1656 1672 1482 1286 1276 1221 1489 1122 1952 1644 1617 1481 1478 1211 1981 1350 1461 BCNSPRNW ULIB Ver.6.0+V

เปลี่ยนเป็นภาษาไทย

Change to English
 แสดงรายละเอียดบรรณานุกรม
  กลับหน้าหลัก

Brief Record : Get Marc (ISO 2709) : E-mail record : QR code < ปิดหน้าต่าง
LEADER : 00000nam 2200000uu 4500
001    13399119994
003     ULIB
008    120821s2555||||th 000 0 tha d
020    ^a9786162710391
060  4 ^aWQ209^bน663ก
245 00 ^aการตรวจคัดกรองและการวินิจฉัยก่อนคลอดทารกกลุ่มอาการดาวน์=^nPrenatal screening and diagnosis of down syndrome^cบรรณาธิการโดย นิลภา พฤกษานุศักดิ์ และสาวิตรี พรานพนัส
246 0  ^aPrenatal screening and diagnosis of down syndrome
260    ^aสงขลา:^bหน่วยผลิตตำราคณะแพทยศาสตร์,^c2555
300    ^a230 หน้า:^bภาพประกอบ
650  7 ^aการตั้งครรภ์^xการตรวจ
650  7 ^aทารกในครรภ์^xการตรวจสุขภาพ
650  7 ^aกลุ่มอาการดาวน์^xการวินิจฉัย
700 0  ^aนิลภา พฤกษานุศักดิ์^eบรรณาธิการ
700 0  ^aสาวิตรี พรานพนัส^eบรรณาธิการ
945    ^p420^l0^i19285
945    ^p420^l0^i19286
945    ^p420^l0^i19287
995    ^aเกษร
999 ^a ใช้งานได้ทุกระบบ
รายการนี้ยังไม่มีแท็ก
คุณยังไม่ได้ล็อกอิน คุณสามารถมีกิจกรรมร่วมกับเว็บไซต์ได้ แต่ต้องล็อกอินก่อน ::
  ล็อกอิน

รายการสื่อสารสนเทศ

ลำดับที่ ประเภท เลขเรียก/บาร์โค้ด สถานที่ สถานะ
1. วิทยาศาสตร์การแพทย์ และสุขภาพ
วิทยาศาสตร์การแพทย์ และสุขภาพ
สถานะ=หนังสือเก่า
WQ209 น663ก ฉ.1 
  Barcode: 19285
ห้องสมุดวิทยาเขตนครสวรรค์
►ส่วนจัดเก็บหนังสือเก่า นว.
บนชั้น
  ขอยืม
2. วิทยาศาสตร์การแพทย์ และสุขภาพ
วิทยาศาสตร์การแพทย์ และสุขภาพ
สถานะ=หนังสือเก่า
WQ209 น663ก ฉ.2 
  Barcode: 19286
ห้องสมุดวิทยาเขตนครสวรรค์
►ส่วนจัดเก็บหนังสือเก่า นว.
บนชั้น
  ขอยืม
3. วิทยาศาสตร์การแพทย์ และสุขภาพ
วิทยาศาสตร์การแพทย์ และสุขภาพ
สถานะ=หนังสือเก่า
WQ209 น663ก ฉ.3 
  Barcode: 19287
ห้องสมุดวิทยาเขตนครสวรรค์
►ส่วนจัดเก็บหนังสือเก่า นว.
บนชั้น
  ขอยืม

BibComment


ยังไม่เคยถูกคอมเมนท์

คอมเมนท์ทรัพยากรรายการนี้
  คอมเมนท์: การตรวจคัดกรองแล..


 Copyright 2026. Bcnsprnw @Library